LEADER 00867nas a2200193 i 4500 001 000000011935 003 CaOOAMICUS 005 20180830125441.0 008 180830s1965 it u0 ita u 040 $aSeMil$bita 245 12$aL'arte racconta :$ble grandi imprese decorative nell'artedi tutti i tempi /$cDino Fabbri ... [et al.]. 260 $aGinevra :$bSkira,$ccopyr. 1965. 260 $aMilano :$bFratelli Fabbri Editori,$ccopyr. 1965. 300 $a48 v. ;$c36 cm. 500 $aPubblicazione a fascicoli raccolta in 6 collettori. 700 1 $aFabbri, Dino.$0(OLS)http://semarc/name/1120 996 $6245$aL'arte racconta :$ble grandi imprese decorative nell'artedi tutti i tempi$9(OLS)http://semarc/title/15815 996 $6260$aMilano :$bFratelli Fabbri Editori$9(OLS)http://semarc/publisher/29845 996 $6260$aGinevra :$bSkira$9(OLS)http://semarc/publisher/33287 LEADER 00868nam a2200205 i 4500 001 000000060000 003 CaOOAMICUS 005 20121025000000.0 008 121025n xx u000 u ger u 013 $a31172 040 $aSeMil$bita 100 1 $aDreher, Bruno.$0(OLS)http://semarc/name/30544 245 10$aTheologische Erwachsenenbildung :$bdidaktisch-methodische Einführung /$cBruno Dreher, Klaus Lang. 300 $a174 p. ;$c19 cm. 650 4$aCatechesi [per] adulti.$0(OLS)http://semarc/subject/3455 650 4$aAdulti - Educazione cristiana.$0(OLS)http://semarc/subject/3605 700 1 $aLang, Klaus.$0(OLS)http://semarc/name/30545 850 $aSeMil 852 $aSeMil$W1$xVenegono$y1$m2K I 369$j26153$B26153$CSeMilBibl$Z2$F26156 $81 996 $6245$aTheologische Erwachsenenbildung :$bdidaktisch-methodische Einführung$9(OLS)http://semarc/title/93914